000 00677naa a2200205 4500
001 183019
003 ES-MaBCM
005 20241016192826.0
008 110223s2010 esp|r0p 0 ||spa d
021 _axx
035 _a(OCoLC)1365222335
040 _cES-MaBCM
100 1 _aÁlvarez Chillida, Gonzalo
_992229
245 0 0 _aErnesto Giménez Caballero
_b: unidad nacional y política de masas en un intelectual fascista
_cGonzalo Álvarez Chillida
520 3 _aContiene bibliografía
650 2 7 _aPensamiento político
_959748
651 2 4 _aEspaña
_9115342
773 0 _aEn:
_tHistoria y política
_dMadrid
_w142908
_gNº24 (jul.-dic. 2010), p. 265-291
942 _cAREV
999 _c183019
_d183019